[Event "IND-ch U15"]
[Site "Mumbai"]
[Date "2009.11.08"]
[Round "10"]
[White "Teenu, Thomas Thaliath"]
[Black "Gagare, Shalmali"]
[Result "0-1"]
[WhiteElo "1886"]
[BlackElo "2150"]
[PlyCount "141"]
[EventDate "2009.11.01"]
[EventType "swiss"]
[EventRounds "11"]
[EventCountry "IND"]
[SourceTitle "EXT 2011"]
[Source "ChessBase"]
[SourceDate "2010.11.26"]
[SourceVersion "1"]
[SourceVersionDate "2010.11.26"]
[SourceQuality "1"]

1. e4 c6 2. d4 d5 3. Nd2 g6 4. c3 Bg7 5. e5 Nh6 6. Ngf3 0-0 7. Bd3 f6 8. exf6 exf6 9. 0-0 Bf5 10. Bxf5 Nxf5 11. b3 Nd7 12. Ba3 Re8 13. Re1 Nf8 14. Nf1 Qd7 15. Ng3 Nd6 16. Qd3 Ne6 17. Qd2 a5 18. h4 Nf7 19. h5 Bh6 20. Qc2 Kg7 21. hxg6 hxg6 22. Nh4 Nh8 23. Nhf5+ gxf5 24. Nxf5+ Kh7 25. Ne7+ Kg7 26. Nf5+ Kh7 27. Nd6+ Ng6 28. Nxe8 Rxe8 29. Qf5 Qf7 30. Rad1 Ng7 31. Qb1 f5 32. Rxe8 Nxe8 33. Qc2 Qe6 34. Kf1 Qe4 35. Qxe4 fxe4 36. g3 Nf6 37. Ke2 Kg8 38. Bd6 Ne8 39. Bc5 Nc7 40. a4 Na8 41. c4 Kf7 42. cxd5 cxd5 43. Rh1 Kg7 44. Rh5 Nc7 45. Bb6 Ne6 46. Ke1 Ne7 47. Bxa5 Nxd4 48. Bc3 Kg6 49. Rxh6+ Kxh6 50. Bxd4 Nc6 51. Bc5 Kg5 52. b4 Kf5 53. b5 Ne5 54. Ke2 Nc4 55. f3 Ke5 56. fxe4 Kxe4 57. Ba7 d4 58. Bb8 d3+ 59. Kd1 Nb2+ 60. Kd2 Nxa4 61. g4 Nb6 62. g5 Nc4+ 63. Kd1 Kf5 64. Bg3 Kxg5 65. Be1 Kf4 66. Bb4 b6 67. Bc3 Ke3 68. Be1 d2 69. Bxd2+ Nxd2 70. Ke1 Kd3 71. Kd1 0-1

[Event "IND-ch U15"]
[Site "Mumbai"]
[Date "2009.11.07"]
[Round "8"]
[White "Teenu, Thomas Thaliath"]
[Black "Shristi, J Shetty"]
[Result "1-0"]
[WhiteElo "1886"]
[BlackElo "1950"]
[PlyCount "79"]
[EventDate "2009.11.01"]
[EventType "swiss"]
[EventRounds "11"]
[EventCountry "IND"]
[SourceTitle "EXT 2011"]
[Source "ChessBase"]
[SourceDate "2010.11.26"]
[SourceVersion "1"]
[SourceVersionDate "2010.11.26"]
[SourceQuality "1"]

1. e4 c5 2. Nf3 Nc6 3. d4 cxd4 4. Nxd4 Nf6 5. Nc3 e5 6. Ndb5 d6 7. Bg5 a6 8. Na3 b5 9. Nd5 Be7 10. Bxf6 Bxf6 11. c3 0-0 12. Nc2 Bg5 13. a4 bxa4 14. Rxa4 a5 15. Bb5 Ne7 16. Nce3 Bxe3 17. Nxe3 Rb8 18. Qd3 Qb6 19. c4 f5 20. exf5 Bxf5 21. Qd2 Ra8 22. 0-0 Ra7 23. Rfa1 Rfa8 24. b4 axb4 25. Nxf5 Nxf5 26. Qd5+ Kf8 27. Qf3 g6 28. g4 Rxa4 29. Rxa4 Rxa4 30. Bxa4 b3 31. gxf5 b2 32. fxg6+ Kg7 33. Qf7+ Kh6 34. Qxh7+ Kg5 35. Qe7+ Kh6 36. Qf8+ Kg5 37. h4+ Kxh4 38. Qf6+ Kh5 39. Bd1+ Kh6 40. g7+ 1-0

[Event "IND-ch U15"]
[Site "Mumbai"]
[Date "2009.11.05"]
[Round "6"]
[White "Teenu, Thomas Thaliath"]
[Black "Nandhidhaa, PV."]
[Result "0-1"]
[WhiteElo "1886"]
[BlackElo "2007"]
[PlyCount "98"]
[EventDate "2009.11.01"]
[EventType "swiss"]
[EventRounds "11"]
[EventCountry "IND"]
[SourceTitle "EXT 2011"]
[Source "ChessBase"]
[SourceDate "2010.11.26"]
[SourceVersion "1"]
[SourceVersionDate "2010.11.26"]
[SourceQuality "1"]

1. e4 c5 2. Nf3 e6 3. d4 cxd4 4. Nxd4 a6 5. c4 Qc7 6. Nc3 Nf6 7. Qe2 d6 8. g4 Be7 9. g5 Nfd7 10. h4 b6 11. f4 Nc6 12. Nc2 Bb7 13. b3 0-0-0 14. Bb2 h6 15. g6 fxg6 16. Qg4 Bf6 17. Qxg6 Nc5 18. 0-0-0 Ne7 19. Qg4 Bxc3 20. Bxc3 Bxe4 21. b4 Bxh1 22. bxc5 bxc5 23. Qxe6+ Kb7 24. Be2 Bc6 25. Bxg7 Rhg8 26. Bf6 Rde8 27. Bh5 Ng6 28. Qg4 Ref8 29. Bxg6 Rxf6 30. f5 Qa5 31. Qh5 Qxa2 32. Qxh6 Be4 33. Rd2 Qxc4 34. Qh7+ Ka8 35. Qe7 Rgf8 36. h5 Qf1+ 37. Rd1 Qf4+ 38. Rd2 Bxf5 39. Be8 Be4 40. Qd8+ Ka7 41. Qc7+ Bb7 42. Bg6 Re6 43. Na3 Qb4 44. Nb1 Rf1+ 45. Kc2 Qxb1+ 46. Kc3 Re3+ 47. Rd3 Qb4+ 48. Kc2 Re2+ 49. Rd2 Rxd2# 0-1

[Event "IND-ch U15"]
[Site "Mumbai"]
[Date "2009.11.02"]
[Round "4"]
[White "Teenu, Thomas Thaliath"]
[Black "Madhurima, Shekhar"]
[Result "1-0"]
[WhiteElo "1886"]
[BlackElo "1609"]
[PlyCount "71"]
[EventDate "2009.11.01"]
[EventType "swiss"]
[EventRounds "11"]
[EventCountry "IND"]
[SourceTitle "EXT 2011"]
[Source "ChessBase"]
[SourceDate "2010.11.26"]
[SourceVersion "1"]
[SourceVersionDate "2010.11.26"]
[SourceQuality "1"]

1. e4 e6 2. d4 d5 3. e5 c5 4. c3 Qb6 5. a3 Nc6 6. Nf3 c4 7. Nbd2 Na5 8. Be2 Bd7 9. 0-0 0-0-0 10. h3 f5 11. Ng5 Be8 12. f4 Be7 13. Qe1 Nh6 14. Qg3 g6 15. Bd1 Nf7 16. Nxf7 Bxf7 17. Rb1 Rdg8 18. b3 cxb3 19. Nxb3 Nxb3 20. Bxb3 Qd8 21. c4 Kb8 22. cxd5 exd5 23. Ba4 Qc7 24. Qb3 Ka8 25. Bd2 Rb8 26. Rfc1 Qd8 27. Bb5 Rg8 28. Qa4 Qf8 29. Ba5 Bd8 30. Bc7 Bxc7 31. Rxc7 Be6 32. Bc6 Bc8 33. Qa6 Rg7 34. Bxb7+ Bxb7 35. Rbxb7 Rxb7 36. Qxb7# 1-0

[Event "Wch U14 Girls"]
[Site "Vung Tau"]
[Date "2008.10.28"]
[Round "9"]
[White "Teenu, Thomas Thaliath"]
[Black "Phan, Nguyen Mai Chi"]
[Result "1/2-1/2"]
[WhiteElo "1875"]
[BlackElo "2079"]
[PlyCount "113"]
[EventDate "2008.10.20"]
[EventType "swiss"]
[EventRounds "11"]
[EventCountry "VIE"]
[SourceTitle "EXT 2009"]
[Source "ChessBase"]
[SourceDate "2008.11.26"]
[SourceVersion "1"]
[SourceVersionDate "2008.11.26"]
[SourceQuality "1"]

1. e4 c5 2. Nf3 d6 3. d4 cxd4 4. Nxd4 Nf6 5. Nc3 a6 6. Be2 e5 7. Nb3 Be7 8. Bg5 Be6 9. Qd2 Nbd7 10. Rd1 Qc7 11. 0-0 0-0 12. Kh1 b5 13. a3 Rfd8 14. f4 Nb6 15. Bxf6 Bxf6 16. f5 Bc4 17. Bxc4 Nxc4 18. Qc1 Nb6 19. Nd5 Nxd5 20. Rxd5 Rac8 21. c3 Qc4 22. Nd2 Qe2 23. Qd1 Qxd1 24. Rxd1 Rc5 25. Nf1 Rxd5 26. Rxd5 Bg5 27. Rd1 Kf8 28. Kg1 Ke7 29. Kf2 Kd7 30. g3 h5 31. h4 Bh6 32. Nh2 Kc6 33. Nf3 f6 34. g4 hxg4 35. Nh2 d5 36. Nxg4 Bf4 37. Ne3 Bxe3+ 38. Kxe3 Kc5 39. exd5 Rxd5 40. Rg1 Rd7 41. Rg4 a5 42. b3 Ra7 43. h5 Rc7 44. Rg6 Kd5 45. Kd2 Rf7 46. Ke3 Rc7 47. Kd2 Rf7 48. Ke3 e4 49. h6 gxh6 50. Rxh6 Ke5 51. Rh4 Kxf5 52. Rxe4 Rc7 53. c4 bxc4 54. bxc4 Rb7 55. Kd4 Rd7+ 56. Ke3 Rh7 57. Kd4 1/2-1/2

[Event "Wch U14 Girls"]
[Site "Vung Tau"]
[Date "2008.10.26"]
[Round "7"]
[White "Teenu, Thomas Thaliath"]
[Black "Gagare, Shalmali"]
[Result "0-1"]
[WhiteElo "1875"]
[BlackElo "2110"]
[PlyCount "60"]
[EventDate "2008.10.20"]
[EventType "swiss"]
[EventRounds "11"]
[EventCountry "VIE"]
[SourceTitle "EXT 2009"]
[Source "ChessBase"]
[SourceDate "2008.11.26"]
[SourceVersion "1"]
[SourceVersionDate "2008.11.26"]
[SourceQuality "1"]

1. e4 c6 2. d4 d5 3. Nc3 g6 4. Nf3 Bg7 5. exd5 cxd5 6. Bd3 Nf6 7. 0-0 Nc6 8. Bf4 Bg4 9. Be2 0-0 10. h3 Bf5 11. Nh4 Be6 12. Nb5 Rc8 13. c3 a6 14. Na3 b5 15. Nc2 Qb6 16. Nf3 Na5 17. Ne5 Nc4 18. Nxc4 bxc4 19. Rb1 Qa5 20. b4 cxb3 21. Rxb3 Ne4 22. Ra3 Qb6 23. Bxa6 Rxc3 24. Rxc3 Nxc3 25. Qd3 Nxa2 26. Ra1 Bf5 27. Qe2 Nc3 28. Qe1 Bxc2 29. Qc1 Qxa6 30. Rxa6 Ne2+ 0-1

[Event "Wch U14 Girls"]
[Site "Vung Tau"]
[Date "2008.10.21"]
[Round "2"]
[White "Baciu, Diana"]
[Black "Teenu, Thomas Thaliath"]
[Result "1-0"]
[WhiteElo "2062"]
[BlackElo "1875"]
[PlyCount "121"]
[EventDate "2008.10.20"]
[EventType "swiss"]
[EventRounds "11"]
[EventCountry "VIE"]
[SourceTitle "EXT 2009"]
[Source "ChessBase"]
[SourceDate "2008.11.26"]
[SourceVersion "1"]
[SourceVersionDate "2008.11.26"]
[SourceQuality "1"]

1. e4 c5 2. d3 g6 3. f4 Bg7 4. Nf3 Nc6 5. g3 e6 6. Bg2 Nge7 7. c3 d5 8. Qe2 dxe4 9. dxe4 0-0 10. Be3 b6 11. 0-0 Qc7 12. Na3 a6 13. Rad1 Bb7 14. Nc4 Rad8 15. a4 Na7 16. Bf2 Bc6 17. Qc2 b5 18. Nce5 Ba8 19. Rfe1 Nac8 20. Nd3 c4 21. Nc5 Qc6 22. Nd4 Bxd4 23. Bxd4 Nb6 24. axb5 axb5 25. Qf2 Nbc8 26. g4 f6 27. e5 Qxg2+ 28. Qxg2 Bxg2 29. Kxg2 fxe5 30. Bxe5 Rxd1 31. Rxd1 Nd5 32. Kg3 Kf7 33. f5 gxf5 34. gxf5 Rg8+ 35. Kf3 Ncb6 36. Nxe6 Ra8 37. Ng5+ Kg8 38. f6 h6 39. Ne4 Ra2 40. Nd6 Kf8 41. f7 Ra8 42. Rg1 Ke7 43. Rg8 Rf8 44. Ke4 Nc7 45. Nf5+ Kxf7 46. Nxh6+ Ke7 47. Rxf8 Kxf8 48. Bxc7 Na4 49. Bd6+ Kg7 50. Nf5+ Kf6 51. Ba3 b4 52. cxb4 c3 53. bxc3 Nxc3+ 54. Kf4 Nd5+ 55. Kg4 Ke5 56. Bb2+ Ke4 57. b5 Nb4 58. b6 Kd5 59. b7 Na6 60. h4 Kc6 61. h5 1-0

[Event "Commonwealth-ch"]
[Site "Nagpur"]
[Date "2008.10.03"]
[Round "7"]
[White "Teenu, Thomas Thaliath"]
[Black "Nirmal, EP."]
[Result "0-1"]
[WhiteElo "1859"]
[BlackElo "2211"]
[PlyCount "66"]
[EventDate "2008.09.28"]
[EventType "swiss"]
[EventRounds "11"]
[EventCountry "IND"]
[SourceTitle "CBM 126 Extra"]
[Source "ChessBase"]
[SourceDate "2008.11.05"]
[SourceVersion "1"]
[SourceVersionDate "2008.11.05"]
[SourceQuality "1"]

1. e4 c5 2. Nf3 d6 3. d4 cxd4 4. Nxd4 Nf6 5. Nc3 Nc6 6. Bg5 e6 7. Qd2 a6 8. 0-0-0 h6 9. Be3 Be7 10. f4 Qc7 11. Rg1 Ng4 12. Nf3 Nxe3 13. Qxe3 b5 14. f5 Ne5 15. fxe6 fxe6 16. Kb1 0-0 17. Qd4 Rb8 18. a3 Rb6 19. Be2 Bf6 20. Qd2 Bd7 21. Rdf1 b4 22. axb4 Rxb4 23. Nxe5 Bxe5 24. Rxf8+ Kxf8 25. Rf1+ Kg8 26. Nd1 Qa5 27. c3 Rb8 28. Bh5 Ba4 29. Bf7+ Kh8 30. Bxe6 Bxd1 31. Qxd1 Rxb2+ 32. Kxb2 Qxc3+ 33. Ka2 Qb2# 0-1

[Event "Commonwealth-ch"]
[Site "Nagpur"]
[Date "2008.10.02"]
[Round "6"]
[White "Teenu, Thomas Thaliath"]
[Black "Gusain, Himal"]
[Result "0-1"]
[WhiteElo "1859"]
[BlackElo "2108"]
[PlyCount "134"]
[EventDate "2008.09.28"]
[EventType "swiss"]
[EventRounds "11"]
[EventCountry "IND"]
[SourceTitle "CBM 126 Extra"]
[Source "ChessBase"]
[SourceDate "2008.11.05"]
[SourceVersion "1"]
[SourceVersionDate "2008.11.05"]
[SourceQuality "1"]

1. e4 c5 2. Nf3 d6 3. d4 cxd4 4. Nxd4 Nf6 5. Nc3 a6 6. f3 e5 7. Nb3 Be6 8. Be3 Nbd7 9. Qd2 Qc7 10. g4 Nb6 11. g5 Nfd7 12. 0-0-0 Nc4 13. Bxc4 Bxc4 14. Nd5 Bxd5 15. Qxd5 Be7 16. h4 0-0 17. f4 Rfc8 18. Rh2 a5 19. a3 a4 20. Na1 Ra5 21. Qd3 Qc4 22. Qxc4 Rxc4 23. Bd2 Ra6 24. Re2 Nc5 25. fxe5 Nd3+ 26. Kb1 Nxe5 27. Bf4 Nf3 28. Rh1 Bf8 29. c3 d5 30. Rd1 dxe4 31. Bg3 Ra8 32. Nc2 Re8 33. Ne3 Rc6 34. Ng4 h6 35. Nh2 Nxh2 36. Bxh2 hxg5 37. hxg5 e3 38. Rd4 Rc5 39. Bf4 Rb5 40. Kc2 Rf5 41. Rxe3 Rxe3 42. Bxe3 Bc5 43. Rd8+ Kh7 44. Bd2 Kg6 45. Rd7 b5 46. Rb7 Bf2 47. c4 bxc4 48. Rb4 Rc5 49. Rxa4 Bh4 50. Kc3 Bxg5 51. Bxg5 Rxg5 52. Rxc4 Ra5 53. Kd4 f5 54. Ke3 Kh5 55. Rc3 g5 56. b4 f4+ 57. Kf3 Rf5 58. Rc4 Rf8 59. Rc1 g4+ 60. Kg2 Rd8 61. Rc5+ Kh4 62. Rc2 f3+ 63. Kf2 Rf8 64. Rc4 Kh3 65. Rc3 g3+ 66. Kg1 f2+ 67. Kf1 Kh2 0-1

[Event "Commonwealth-ch"]
[Site "Nagpur"]
[Date "2008.10.01"]
[Round "5"]
[White "Chandika, Divyasree"]
[Black "Teenu, Thomas Thaliath"]
[Result "1/2-1/2"]
[WhiteElo "2081"]
[BlackElo "1859"]
[PlyCount "59"]
[EventDate "2008.09.28"]
[EventType "swiss"]
[EventRounds "11"]
[EventCountry "IND"]
[SourceTitle "CBM 126 Extra"]
[Source "ChessBase"]
[SourceDate "2008.11.05"]
[SourceVersion "1"]
[SourceVersionDate "2008.11.05"]
[SourceQuality "1"]

1. e4 c5 2. c3 d5 3. exd5 Qxd5 4. d4 e6 5. Nf3 Nf6 6. Be2 Nc6 7. 0-0 Be7 8. c4 Qd8 9. dxc5 Bxc5 10. Nc3 0-0 11. a3 a6 12. Qc2 Qc7 13. Bg5 Be7 14. b4 Ng4 15. h3 Nge5 16. Bf4 Bd6 17. Nxe5 Bxe5 18. Bxe5 Qxe5 19. Bf3 Nd4 20. Qe4 Nxf3+ 21. Qxf3 Qc7 22. Rac1 Bd7 23. Rfd1 Bc6 24. Qe3 Rfd8 25. Rxd8+ Qxd8 26. b5 Be8 27. Ne2 axb5 28. cxb5 Qa5 29. Nd4 Qb6 30. Rc4 1/2-1/2

[Event "WchT Schools 4th"]
[Site "Singapore"]
[Date "2008.07.29"]
[Round "8.3"]
[White "Teenu, Thomas Thaliath"]
[Black "Sia, Xin Jie Selina"]
[Result "1/2-1/2"]
[WhiteElo "1859"]
[BlackElo "1778"]
[PlyCount "109"]
[EventDate "2008.07.23"]
[EventType "team-swiss"]
[EventRounds "9"]
[EventCountry "SIN"]
[SourceTitle "EXT 2009"]
[Source "ChessBase"]
[SourceDate "2008.11.26"]
[SourceVersion "1"]
[SourceVersionDate "2008.11.26"]
[SourceQuality "1"]

1. e4 e5 2. Nf3 Nc6 3. Bc4 Bc5 4. c3 Nf6 5. d4 exd4 6. cxd4 Bb4+ 7. Bd2 Bxd2+ 8. Nbxd2 d5 9. exd5 Nxd5 10. Qb3 Na5 11. Qa4+ Nc6 12. Qb3 Na5 13. Qa4+ Nc6 14. Ne5 0-0 15. Nxc6 Qe8+ 16. Kf1 Nb6 17. Qb5 Nxc4 18. Qxc4 Qxc6 19. Qxc6 bxc6 20. f3 Rd8 21. Nb3 Be6 22. Na5 Rxd4 23. Nxc6 Rd2 24. b3 Bd7 25. Na5 Bb5+ 26. Kg1 Re8 27. a4 Bd3 28. h4 Ree2 29. Rh2 f6 30. Nc6 Bc2 31. Nxa7 Bxb3 32. Nb5 c5 33. Nc3 Re3 34. Ne4 Rb2 35. Nxc5 Bd5 36. a5 Ree2 37. Na4 Ra2 38. Rxa2 Rxa2 39. Nc3 Rxa5 40. Nxd5 Rxd5 41. Kf2 Kf7 42. Rh1 h5 43. Re1 Rd4 44. Kg3 Kg6 45. Kh3 Rd3 46. Re4 Kf5 47. Ra4 Re3 48. Kg3 g5 49. Kf2 Re6 50. g4+ Kg6 51. gxh5+ Kxh5 52. hxg5 fxg5 53. Kg3 Rf6 54. Re4 Rf5 55. Rb4 1/2-1/2

[Event "WchT Schools 4th"]
[Site "Singapore"]
[Date "2008.07.23"]
[Round "1.2"]
[White "Teenu, Thomas Thaliath"]
[Black "Citra, Dewi Ardhiani Anast"]
[Result "0-1"]
[WhiteElo "1859"]
[BlackElo "1753"]
[PlyCount "92"]
[EventDate "2008.07.23"]
[EventType "team-swiss"]
[EventRounds "9"]
[EventCountry "SIN"]
[SourceTitle "EXT 2009"]
[Source "ChessBase"]
[SourceDate "2008.11.26"]
[SourceVersion "1"]
[SourceVersionDate "2008.11.26"]
[SourceQuality "1"]

1. e4 c5 2. Nf3 d6 3. d4 cxd4 4. Nxd4 Nf6 5. Nc3 e6 6. Bg5 Be7 7. Qd2 h6 8. Bh4 a6 9. 0-0-0 b5 10. a3 Bb7 11. f3 Nbd7 12. Bf2 Rc8 13. Bd3 d5 14. exd5 Bxd5 15. Nxd5 Nxd5 16. h4 Nc5 17. Kb1 b4 18. axb4 Nxd3 19. Qxd3 Nxb4 20. Qb3 Qc7 21. c3 Nd5 22. Rc1 0-0 23. Nf5 Rb8 24. Qa2 exf5 25. Qxd5 Rb5 26. Qa2 Rfb8 27. Rc2 Ra5 28. Bg3 Qd8 29. Qxa5 Rxb2+ 30. Rxb2 Qxa5 31. Kc2 f4 32. Bf2 Bf6 33. Rb8+ Kh7 34. Bd4 Bxd4 35. cxd4 Qc7+ 36. Kd3 Qxb8 37. h5 f5 38. Rc1 Qb5+ 39. Kd2 Qb2+ 40. Rc2 Qxd4+ 41. Kc1 a5 42. Kb1 a4 43. Rb2 a3 44. Rb8 a2+ 45. Kxa2 Qa7+ 46. Kb3 Qxb8+ 0-1

[Event "IND-chB (Women) 35th"]
[Site "Calicut"]
[Date "2008.06.12"]
[Round "10"]
[White "Teenu, Thomas Thaliath"]
[Black "Amrutha, Mokal"]
[Result "0-1"]
[WhiteElo "1845"]
[BlackElo "2163"]
[PlyCount "94"]
[EventDate "2008.06.06"]
[EventType "swiss"]
[EventRounds "11"]
[EventCountry "IND"]
[SourceTitle "CBM 124 Extra"]
[Source "ChessBase"]
[SourceDate "2008.07.03"]
[SourceVersion "1"]
[SourceVersionDate "2008.07.03"]
[SourceQuality "1"]

1. e4 c5 2. Nf3 e6 3. d4 cxd4 4. Nxd4 a6 5. Nc3 b5 6. a3 Bb7 7. Bd3 Qc7 8. 0-0 Nf6 9. Qe2 d6 10. Be3 Nbd7 11. Nb3 Be7 12. f4 0-0 13. g4 d5 14. e5 Ne4 15. Bd4 Ndc5 16. Nd2 Nxd3 17. Qxd3 Bc5 18. Ne2 g5 19. Nxe4 dxe4 20. Qe3 Rac8 21. c3 f5 22. b4 Bxd4 23. cxd4 fxg4 24. fxg5 Rf3 25. Rxf3 gxf3 26. Rc1 Qd7 27. Rxc8+ Qxc8 28. Nc3 Qd8 29. Nxe4 Bxe4 30. Qxe4 Qxg5+ 31. Kf2 Qg2+ 32. Ke3 Qe2+ 33. Kf4 Qxe4+ 34. Kxe4 f2 35. d5 exd5+ 36. Kxd5 f1Q 37. e6 Qf8 38. h4 Kg7 39. h5 Kf6 40. a4 Qd8+ 41. Kc6 Kxe6 42. a5 Qc8+ 43. Kb6 Kd6 44. h6 Qd8+ 45. Kxa6 Kc6 46. Ka7 Qc7+ 47. Ka8 Qb7# 0-1

[Event "Mumbai Mayors Cup 1st"]
[Site "Mumbai"]
[Date "2008.05.11"]
[Round "1"]
[White "Macieja, Bartlomiej"]
[Black "Teenu, Thomas Thaliath"]
[Result "1-0"]
[WhiteElo "2599"]
[BlackElo "1845"]
[PlyCount "65"]
[EventDate "2008.05.11"]
[EventType "swiss"]
[EventRounds "11"]
[EventCountry "IND"]
[SourceTitle "CBM 124 Extra"]
[Source "ChessBase"]
[SourceDate "2008.07.03"]
[SourceVersion "1"]
[SourceVersionDate "2008.07.03"]
[SourceQuality "1"]

1. e4 c5 2. Nf3 d6 3. d4 cxd4 4. Qxd4 e5 5. Bb5+ Bd7 6. Qd3 Nc6 7. 0-0 Qc7 8. Nc3 Nb4 9. Qe2 a6 10. Bxd7+ Qxd7 11. Rd1 Nc6 12. Nd5 Rd8 13. Be3 Nge7 14. Bb6 Rc8 15. Ne3 Qe6 16. Rd2 f5 17. exf5 Nxf5 18. Ng5 Qg6 19. Nxf5 Qxf5 20. Ne4 Qg6 21. Rad1 Kd7 22. Rxd6+ Bxd6 23. Rxd6+ Qxd6 24. Qg4+ Ke7 25. Qxg7+ Ke6 26. Qf6+ Kd7 27. Qxd6+ Ke8 28. Qe6+ Kf8 29. Qxc8+ Kg7 30. Qxb7+ Kg6 31. Qxc6+ Kf5 32. Qf6+ Kxe4 33. Qf3# 1-0